Apontamentos monográficos de Alvor (Registo nº 4111)

Detalhes MARC
000 -Etiqueta do registo
Cabeçalho 00689cam a2200253 4500
005 - Identificador da versão
Campo de controlo 20240813122053.0
021 ## - Número do Depósito Legal
Código do país PT
Número 148521/00
100 ## - Dados gerais de processamento
Dados gerais de processamento 20001121d2000 m d0pory5003 ba
102 ## - Pais de publicação ou produção
País de publicação Portugal
101 0# - Língua de publicação
Língua do texto, banda sonora, etc. Português
106 ## - Campo de dados codificados: material textual
Dados codificados do material textual r
105 ## - Campo de dados codificados: livros
Dados codificados dos livros a z 001yy
215 ## - Descrição física 
Indicação específica da natureza do documento e extensão da espécie 75 p. a 2 colns
Outras indicações físicas il.
Dimensões 24 cm
200 1# - Titulo e menção de responsabilidade
Título próprio Apontamentos monográficos de Alvor
Primeira menção de responsabilidade Ana Maria Fazenda Figueiredo Santos
205 ## - Menção da edição
Menção da edição 1a ed
210 ## - Publicação, Distribuição, etc. 
Lugar da edição, distribuição, etc. Portimão
Nome do editor, distribuidor, etc. Câmara Municipal
Data da publicação, distribuição, etc. 2000
320 ## - Nota relativa a bibliografia e índices internos 
Texto da nota Bibliografia, p. 73
675 ## - Classificação Decimal Universal (CDU)
Notação 908(469.601)
Edição BN
Língua da edição por
607 ## - Nome geográfico usado como assunto
Número de registo de entrada de autoridade 0000730
Código do sistema SIPOR
700 #1 - Nome de autor-pessoa física (responsabilidade principal)
Número de registo de entrada de autoridade 0000731
Palavra de ordem Figueiredo
Outra parte do nome não tomada para palavra de ordem Ana Maria Fazenda
Datas 1953-
942 ## - Elementos de entrada adicionados (Koha)
Tipo de item no Koha Livro
Exemplares
Situação do levantamento Origin of item (home branch) (coded) Biblioteca de empréstimo Código de barras Cota Circulation type (not for loan) Tipo de documento Nota do exemplar Damaged status
  Biblioteca Escolar das Vendas Biblioteca Escolar das Vendas BEV674 9FL ALV   Livro Sem mensagem